Statistics for Det religiøse mangfoldet i Norge

Click here to take the quiz!

General Stats

  • This quiz has been taken 506 times
    (86 since last reset)
  • The average score is 3 of 15

Answer Stats

HintAnswer% Correct
75 %Kristendom
98%
68 %Den norske kirke (luthersk)
43%
3 %Den katolske kirke
41%
4 %Islam
19%
0.5 %Ortodokse kirker
17%
0.01 %Jødedom
15%
0.2 %Hinduisme
13%
18 %Ingen religion
13%
0.7 %Pinsebevegelsen
13%
4.5 %Andre religioner
11%
0.4 %Buddhisme
11%
0.08 %Sikhisme
9%
1.8 %Human-Etisk Forbund
7%
0.2 %Jehovas vitner
6%
0.4 %Frikirken (luthersk)
4%

Score Distribution

Percentile by Number Answered

Percent of People with Each Score

Your Score History

You have not taken this quiz since the last reset